| 000 | 00483nam a2200169Ia 4500 | ||
|---|---|---|---|
| 008 | 230917s9999||||xx |||||||||||||| ||und|| | ||
| 020 | _cRS 995.00 | ||
| 040 |
_e5000195 _aMAIN |
||
| 041 | _aEnglish | ||
| 082 | _a307.772095479 M928A | ||
| 100 | _aMunshi, Indra | ||
| 245 | 0 | _aAdivasi life stories: Context, constraints, choices | |
| 260 |
_aNew Delhi _bRawat Publications _c2020 |
||
| 300 | _ax, 271 p. | ||
| 500 | _a4106 06/10/2021 HBD22/8921 03/11/2021 Main Budget | ||
| 942 | _cBK | ||
| 999 |
_c2565 _d2565 |
||